| 000 | 01368nkm a2200289 i 4500 | ||
|---|---|---|---|
| 001 | 3114 | ||
| 003 | ES-MaACL | ||
| 005 | 20250713062554.0 | ||
| 007 | khrbo | ||
| 008 | 041119s1982 sp --- g |001||spa d | ||
| 100 | 0 |
_aAlfonso, _d1902-1990 _919858 |
|
| 245 | 1 | 0 |
_aPresentación del libro "Rembrandt y la sinagoga española" de Guillermo Díaz Plaja [ _hFotografía] / _cAlfonso (sello). |
| 260 |
_a[S.l. : _bs.n.], _c1982. |
||
| 300 |
_a5 fot. : _bb. y n. ; _c13 x 18 cm. |
||
| 500 | _aDatos basados en invitación. | ||
| 511 | 0 | _aIntervienen: Francisco Ynduráin, Julián Gallego, Guillermo Díaz Plaja. | |
| 518 | _aActo organizado por la Sección de Literatura del Ateneo de Madrid en colaboración con la editorial Plaza & Janes, celebrado en el salón de actos el viernes 12 de noviembre de 1982, a las 20:00 h. | ||
| 600 | 1 | 7 |
_aYnduráin, Francisco, _d1910-1994 _2embne _9117648 |
| 600 | 1 | 4 |
_aGállego, Julián, _d1919-2006 _953537 |
| 600 | 1 | 4 |
_aDíaz-Plaja, Guillermo, _d1909-1984 _9162428 |
| 610 | 2 | 4 |
_aAteneo de Madrid- _xActos culturales- _y1982- _vFotografías. _91894 |
| 710 | 2 |
_aAteneo de Madrid. _bSección de Literatura. _91997 |
|
| 710 | 2 |
_aPlaza & Janés Editores. _96229 |
|
| 852 |
_aES-MaACL _jFOT 59/1982 |
||
| 856 | 4 |
_uhttp://www.ateneodemadrid.net/biblioteca_digital/imagenes/1982/0059-1982.jpg _zVer imagen |
|
| 999 |
_c3114 _d3114 |
||